[Event "BAN-chB 41st"]
[Site "Dhaka"]
[Date "2015.10.18"]
[Round "4"]
[White "Islam, ASM Saiful"]
[Black "Aminul, Islam Helal"]
[Result "1-0"]
[WhiteElo "2082"]
[BlackElo "1810"]
[PlyCount "89"]
[EventDate "2015.10.15"]
[EventType "swiss"]
[EventRounds "11"]
[EventCountry "BAN"]
[SourceTitle "CBM 169 Extra"]
[Source "ChessBase"]
[SourceDate "2015.12.18"]
[SourceVersion "1"]
[SourceVersionDate "2015.12.18"]
[SourceQuality "1"]

1. e4 e5 2. Nf3 d6 3. Bc4 Be7 4. c3 Nf6 5. d3 0-0 6. 0-0 Bg4 7. h3 Bh5 8. Nbd2 Nc6 9. Re1 a6 10. Bb3 Na5 11. Bc2 b5 12. Nf1 h6 13. Ng3 Bxf3 14. Qxf3 Nh7 15. Nf5 Bg5 16. Qg3 Qf6 17. h4 Bxc1 18. Raxc1 Rfe8 19. Re3 Kh8 20. Rf3 Nc6 21. Bb3 Nd8 22. Qh3 h5 23. Kh2 Nf8 24. Ng3 Qh6 25. Rd1 g6 26. Bxf7 Re7 27. Bb3 Nde6 28. Nf1 Nf4 29. Qg3 Nh7 30. Ne3 Rf8 31. Nd5 Ne2 32. Rxf8+ Qxf8 33. Nxe7 Qxe7 34. Qh3 Nf6 35. f3 Nf4 36. Qg3 Kh7 37. Qg5 Qf8 38. Qg3 c6 39. Qf2 Nxd3 40. Qa7+ Kh6 41. Rxd3 d5 42. Qe3+ Kh7 43. exd5 e4 44. Rd4 cxd5 45. Kg1 1-0

[Event "BAN-chB 41st"]
[Site "Dhaka"]
[Date "2015.10.17"]
[Round "3"]
[White "Anwar, Hossain Dulal"]
[Black "Islam, ASM Saiful"]
[Result "1-0"]
[WhiteElo "1868"]
[BlackElo "2082"]
[PlyCount "50"]
[EventDate "2015.10.15"]
[EventType "swiss"]
[EventRounds "11"]
[EventCountry "BAN"]
[SourceTitle "CBM 169 Extra"]
[Source "ChessBase"]
[SourceDate "2015.12.18"]
[SourceVersion "1"]
[SourceVersionDate "2015.12.18"]
[SourceQuality "1"]

1. b3 Nf6 2. Bb2 d5 3. e3 e6 4. Nf3 c5 5. Bb5+ Bd7 6. Bxd7+ Nbxd7 7. 0-0 Qc7 8. d3 Bd6 9. Nc3 a6 10. Ne2 Ne5 11. Ng3 0-0 12. Rb1 Rac8 13. c4 Rfd8 14. Qe2 Rb8 15. Rbc1 Nxf3+ 16. Qxf3 Bxg3 17. hxg3 d4 18. exd4 cxd4 19. Rce1 e5 20. Bc1 h6 21. Bxh6 Re8 22. Bg5 Qc6 23. Bxf6 Qxf6 24. Qxf6 gxf6 25. g4 Kg7 1-0